Biodegradovateľné polymérne zmesi na báze polyesterov z obnoviteľných zdrojov pre medicínske aplikácie

Salvato in:
Dettagli Bibliografici
Autore principale: Magová, Judita (Autore)
Altri autori: Tomanová, Katarína (Relatore della tesi)
Natura: Manoscritto Libro
Lingua:slovacco
Pubblicazione: 2022
Soggetti:
Accesso online:http://is.stuba.sk/zp/portal_zp.pl?podrobnosti=171505
Tags: Aggiungi Tag
Nessun Tag, puoi essere il primo ad aggiungerne!!

MARC

LEADER 00000ntm a22000003a 4500
001 stuzp90483
003 SK-STU
005 20220604210950.3
007 ta
008 150427s2015----xo-----f-mn---000-0-slo-d
040 |a STU  |b slo 
041 0 |a slo 
100 1 |a Magová, Judita  |u 049370  |k Z4  |4 aut  |U FCHPT Ústav prírodných a syntetických polymérov  |T FCHPT Oddelenie plastov, kaučuku a vlákien  |X 81820  |U C9370  |Y 128  |7 81820 
242 0 1 |a Biodegradable polymer blends based on polyesters from renewable resources for medical applications  |y eng 
245 1 0 |a Biodegradovateľné polymérne zmesi na báze polyesterov z obnoviteľných zdrojov pre medicínske aplikácie 
260 |c 2022 
650 4 |a zmäkčovadlo  |2 slo 
650 4 |a tkanivové inžinierstvo  |2 slo 
650 4 |a kyselina polymliečna  |2 slo 
650 4 |a polyhydroxybutyrát  |2 slo 
650 4 |a porozita  |2 slo 
650 4 |a plasticizer  |2 eng 
650 4 |a polylactic acid  |2 eng 
650 4 |a tissue engineering  |2 eng 
650 4 |a polyhydroxybutyrate  |2 eng 
650 4 |a porosity  |2 eng 
700 1 |a Tomanová, Katarína  |u 049170  |k Z2  |4 ths  |U FCHPT Ústav prírodných a syntetických polymérov  |T FCHPT Oddelenie spracovania polymérov (detaš.pracovisko)  |X 16929  |U C9170  |Y 688  |7 A000016929 
856 4 |u http://is.stuba.sk/zp/portal_zp.pl?podrobnosti=171505